| 000 | 01013nam a22002897a 4500 | ||
|---|---|---|---|
| 001 | BR8305285 | ||
| 003 | BR-BrBNA | ||
| 005 | 20230928091800.0 | ||
| 007 | ta | ||
| 008 | 230509b bl.||||| |||| 00| 0 por d | ||
| 040 |
_aBR-BrBNA _bpor _cBiblioteca Nacional de Agricultura |
||
| 041 | _a(Por) | ||
| 072 |
_aF25; F27 _b/G514 |
||
| 090 | _ F25 BR8305285 | ||
| 100 | 1 | _aNuernberg, N.J. | |
| 110 | 1 |
_aUniversidade Federal do Rio Grande do Sul, Porto Alegre (Brasil). Faculdade de Agronomia _0Tese (Mestre em Agronomia) |
|
| 245 | 1 | _aEfeito de sucessoes de culturas e tipos de adubacao no rendimento e caracteristicas de um solo na encosta basaltica sulriograndense [Brasil] | |
| 260 | 3 |
_aPorto Alegre, RS (Brasil): _c1983. |
|
| 300 | _a155 p. | ||
| 500 | _a14 illus.; 22 tables; Bibliography p. 120-131 (128 ref.); Summaries (Eng, Por) | ||
| 650 | _aADUBACAO | ||
| 650 | _aRENDIMENTO | ||
| 650 | _aCULTIVO CONTINUO | ||
| 650 | _aADUBO ORGANICO | ||
| 909 |
_a202309 _bLucia _c55 _dLucia Elande |
||
| 942 | _cBK | ||
| 999 |
_c35501 _d35501 |
||